000 00295nam a22001337a 4500
008 180221b xxu||||| |||| 00| 0 eng d
020 _a9780072322743
041 _aeng
080 _a37
100 _a47
101 _aEDU
245 _aThe american school 1642-200
_cSpring,F
942 _2udc
_cBK
999 _c43017
_d43017